[Event "SLO-chT1 East"]
[Site "Celje"]
[Date "2006.11.12"]
[Round "8"]
[White "Perus, Danilo"]
[Black "Gomboc, Miha"]
[Result "1-0"]
[WhiteElo "2332"]
[BlackElo "2199"]
[PlyCount "45"]
[EventDate "2006.11.04"]
[EventType "team"]
[EventRounds "9"]
[EventCountry "SLO"]
[SourceTitle "EXT 2008"]
[Source "ChessBase"]
[SourceDate "2007.11.25"]
[SourceVersion "1"]
[SourceVersionDate "2007.11.25"]
[SourceQuality "1"]

1. e4 c5 2. Nf3 d6 3. d4 cxd4 4. Nxd4 Nf6 5. Nc3 g6 6. Be3 Bg7 7. Bc4 0-0 8. f3 Nc6 9. Bb3 Bd7 10. Qd2 Rc8 11. 0-0-0 Ne5 12. h4 h5 13. Bg5 Rc5 14. Qe3 b5 15. g4 a5 16. gxh5 a4 17. Bd5 e6 18. h6 Bh8 19. h7+ Kxh7 20. h5 exd5 21. hxg6+ Kg8 22. Rxh8+ Kxh8 23. Bxf6+ 1-0

[Event "SLO-chT 16th"]
[Site "Ljubljana"]
[Date "2006.07.08"]
[Round "8"]
[White "Suselj, Gregor"]
[Black "Gomboc, Miha"]
[Result "1-0"]
[WhiteElo "1706"]
[BlackElo "2193"]
[PlyCount "51"]
[EventDate "2006.07.03"]
[EventType "team"]
[EventRounds "9"]
[EventCountry "SLO"]
[SourceTitle "EXT 2008"]
[Source "ChessBase"]
[SourceDate "2007.11.25"]
[SourceVersion "1"]
[SourceVersionDate "2007.11.25"]
[SourceQuality "1"]

1. d4 Nf6 2. c4 c5 3. d5 e6 4. Nc3 exd5 5. cxd5 d6 6. e4 g6 7. Bf4 a6 8. Nf3 Nh5 9. Bg5 Be7 10. Bh6 b5 11. Bd3 Bg4 12. 0-0 Bxf3 13. Qxf3 Bg5 14. Bxg5 Qxg5 15. e5 dxe5 16. d6 Ra7 17. Bxb5+ axb5 18. Nxb5 Ra4 19. Nc7+ Kd7 20. Qxf7+ Kxd6 21. Rad1+ Rd4 22. Nb5+ Kc6 23. Nxd4+ exd4 24. Qe6+ Kc7 25. f4 Nxf4 26. Qf7+ 1-0

[Event "SLO-chT 16th"]
[Site "Ljubljana"]
[Date "2006.07.06"]
[Round "7"]
[White "Soln, Primoz"]
[Black "Gomboc, Miha"]
[Result "1-0"]
[WhiteElo "2369"]
[BlackElo "2193"]
[PlyCount "41"]
[EventDate "2006.07.03"]
[EventType "team"]
[EventRounds "9"]
[EventCountry "SLO"]
[SourceTitle "EXT 2008"]
[Source "ChessBase"]
[SourceDate "2007.11.25"]
[SourceVersion "1"]
[SourceVersionDate "2007.11.25"]
[SourceQuality "1"]

1. d4 Nf6 2. c4 c5 3. d5 e6 4. Nc3 exd5 5. cxd5 d6 6. e4 g6 7. Bf4 a6 8. Nf3 Bg7 9. Qa4+ b5 10. Nxb5 0-0 11. Nc3 Nh5 12. Bg5 Qb6 13. Qb3 Qc7 14. Be2 f5 15. e5 f4 16. exd6 Qxd6 17. Ne4 Qd7 18. Be7 Re8 19. d6+ Kh8 20. Nfg5 h6 21. Qf7 1-0

[Event "SLO-chT2 East"]
[Site "Velenje"]
[Date "2005.11.23"]
[Round "8"]
[White "Kokosinek, Ervin"]
[Black "Gomboc, Miha"]
[Result "0-1"]
[WhiteElo "1971"]
[BlackElo "2192"]
[PlyCount "52"]
[EventDate "2005.05.27"]
[EventType "team"]
[EventRounds "9"]
[EventCountry "SLO"]
[SourceTitle "EXT 2009"]
[Source "ChessBase"]
[SourceDate "2008.11.26"]
[SourceVersion "1"]
[SourceVersionDate "2008.11.26"]
[SourceQuality "1"]

1. e4 e6 2. c4 d5 3. exd5 exd5 4. d4 Bb4+ 5. Nc3 Ne7 6. Nf3 0-0 7. Be2 Be6 8. cxd5 Nxd5 9. Bd2 Nc6 10. 0-0 Nxc3 11. bxc3 Be7 12. Re1 Na5 13. Bd3 Nc4 14. Bf4 b5 15. Ne5 Nxe5 16. Bxe5 c6 17. Qh5 g6 18. Qh6 Bf6 19. h4 Bxe5 20. Rxe5 Qf6 21. h5 Rfd8 22. hxg6 hxg6 23. Rae1 Bxa2 24. Bxg6 fxg6 25. Re7 Bf7 26. R1e6 Bxe6 0-1

[Event "SLO-chT 14th"]
[Site "Celje"]
[Date "2004.12.03"]
[Round "7"]
[White "Sakelsek, Tadej"]
[Black "Gomboc, Miha"]
[Result "1-0"]
[WhiteElo "2425"]
[BlackElo "2192"]
[PlyCount "89"]
[EventDate "2004.11.29"]
[EventType "team-tourn"]
[EventRounds "9"]
[EventCountry "SLO"]
[SourceTitle "CBM 103 Extra"]
[Source "ChessBase"]
[SourceDate "2005.01.01"]
[SourceVersion "1"]
[SourceVersionDate "2005.01.01"]
[SourceQuality "1"]
[WhiteTeam "Maribor LANCom"]
[BlackTeam "Radenska Pomgrad"]
[WhiteTeamCountry "SLO"]
[BlackTeamCountry "SLO"]

1. e4 e6 2. d4 d5 3. Nd2 Nf6 4. e5 Nfd7 5. Bd3 c5 6. c3 Nc6 7. Ne2 cxd4 8. cxd4 a5 9. 0-0 a4 10. Nf3 Be7 11. a3 Nb6 12. Nc3 Bd7 13. Bc2 Ra5 14. Rb1 Na7 15. Bd2 Nb5 16. Na2 Ra8 17. Bb4 Bxb4 18. Nxb4 Nc4 19. Nd3 b6 20. h4 0-0 21. g3 f5 22. exf6 Qxf6 23. Nde5 Be8 24. Ng5 Nxd4 25. Qxd4 Nxe5 26. Bxh7+ Kh8 27. Rfe1 Nd7 28. Qd2 Nc5 29. Bc2 Bg6 30. f4 Rad8 31. Rbd1 d4 32. Bxg6 Qxg6 33. Qb4 e5 34. Rxe5 d3 35. Qe1 Rde8 36. h5 Qxh5 37. Rd2 Kg8 38. Rh2 Qg6 39. Qc3 Rxe5 40. Qxe5 Qc6 41. Qd4 Re8 42. Qc4+ Re6 43. Nxe6 Qxe6 44. Qxe6+ Nxe6 45. Kf2 1-0

[Event "Schwarzach op-A 19th"]
[Site "Salzburg"]
[Date "2004.08.27"]
[Round "7"]
[White "Gomboc, Miha"]
[Black "Eisenbeiser, Amadeus"]
[Result "0-1"]
[WhiteElo "2165"]
[BlackElo "2304"]
[PlyCount "66"]
[EventDate "2004.08.21"]
[EventType "swiss"]
[EventRounds "9"]
[EventCountry "AUT"]
[SourceTitle "CBM 102 Extra"]
[Source "ChessBase"]
[SourceDate "2004.11.03"]
[SourceVersion "1"]
[SourceVersionDate "2004.11.03"]
[SourceQuality "1"]

1. d4 d6 2. c4 e5 3. d5 f5 4. Nc3 Nf6 5. g3 Be7 6. Bg2 0-0 7. Nf3 c5 8. Ng5 h6 9. Ne6 Bxe6 10. dxe6 Nc6 11. Nd5 Nd4 12. Nxf6+ Rxf6 13. Bxb7 Rb8 14. Bd5 Kh8 15. 0-0 Nxe6 16. Bxe6 Rxe6 17. Qd5 Rf6 18. b3 Qg8 19. Qd3 Qe6 20. Bb2 f4 21. Rad1 Rbf8 22. Qd5 Qc8 23. Rd3 h5 24. Bc1 h4 25. Bd2 Qg4 26. Qe4 Qh5 27. gxf4 Qg6+ 28. Qxg6 Rxg6+ 29. Kh1 exf4 30. a3 Re6 31. e3 Bg5 32. Rg1 fxe3 33. Rxg5 exf2 0-1

[Event "Schwarzach op-A 19th"]
[Site "Salzburg"]
[Date "2004.08.24"]
[Round "4"]
[White "Hess, Christian"]
[Black "Gomboc, Miha"]
[Result "1-0"]
[WhiteElo "2292"]
[BlackElo "2165"]
[PlyCount "71"]
[EventDate "2004.08.21"]
[EventType "swiss"]
[EventRounds "9"]
[EventCountry "AUT"]
[SourceTitle "CBM 102 Extra"]
[Source "ChessBase"]
[SourceDate "2004.11.03"]
[SourceVersion "1"]
[SourceVersionDate "2004.11.03"]
[SourceQuality "1"]

1. Nf3 Nf6 2. c4 e6 3. g3 b6 4. Bg2 Bb7 5. d4 Bb4+ 6. Bd2 Be7 7. Nc3 Qc8 8. 0-0 c5 9. d5 exd5 10. cxd5 Nxd5 11. Nxd5 Bxd5 12. Bc3 Qb7 13. Bxg7 Rg8 14. Be5 d6 15. Bf4 Nd7 16. Re1 0-0-0 17. e4 Bc6 18. b4 Nf8 19. Qb3 Ne6 20. b5 Bd7 21. Be3 h5 22. Rad1 h4 23. e5 Qc7 24. exd6 Bxd6 25. Nxh4 Rg4 26. Nf5 Bf8 27. f4 c4 28. Qb1 Nc5 29. Bxc5 Qxc5+ 30. Ne3 Bxb5 31. Bh3 Bd7 32. Rxd7 Kxd7 33. Bxg4+ Kc7 34. Qe4 Rd4 35. Re2 b5 36. Kg2 1-0

[Event "Schwarzach op-A 19th"]
[Site "Salzburg"]
[Date "2004.08.22"]
[Round "2"]
[White "Maier, Alexander"]
[Black "Gomboc, Miha"]
[Result "1-0"]
[WhiteElo "2336"]
[BlackElo "2165"]
[PlyCount "43"]
[EventDate "2004.08.21"]
[EventType "swiss"]
[EventRounds "9"]
[EventCountry "AUT"]
[SourceTitle "CBM 102 Extra"]
[Source "ChessBase"]
[SourceDate "2004.11.03"]
[SourceVersion "1"]
[SourceVersionDate "2004.11.03"]
[SourceQuality "1"]

1. e4 e6 2. d4 d5 3. Nd2 Nf6 4. e5 Nfd7 5. c3 c5 6. Bd3 Nc6 7. Ngf3 a5 8. 0-0 a4 9. Nb1 Be7 10. Na3 Nb6 11. dxc5 Nd7 12. Bc2 Nxc5 13. Nb5 0-0 14. Re1 Bd7 15. Nbd4 Qb6 16. Ng5 Bxg5 17. Bxg5 Qxb2 18. Rb1 Qxa2 19. Bh6 Kh8 20. Qh5 Ne4 21. Rxe4 Nxd4 22. Bxg7+ 1-0

[Event "Szombathely op"]
[Site "Szombathely"]
[Date "2004.07.24"]
[Round "7"]
[White "Gomboc, Miha"]
[Black "Okhotnik, Vladimir"]
[Result "0-1"]
[WhiteElo "2165"]
[BlackElo "2420"]
[PlyCount "54"]
[EventDate "2004.07.19"]
[EventType "swiss"]
[EventRounds "9"]
[EventCountry "HUN"]
[SourceTitle "EXT 2008"]
[Source "ChessBase"]
[SourceDate "2007.11.25"]
[SourceVersion "1"]
[SourceVersionDate "2007.11.25"]
[SourceQuality "1"]

1. d4 Nf6 2. c4 Nc6 3. d5 Ne5 4. e4 Ng6 5. Nc3 e5 6. Be3 Bb4 7. f3 Qe7 8. Qd2 Bc5 9. a3 0-0 10. Bxc5 Qxc5 11. b4 Qe7 12. Nge2 a5 13. Rb1 axb4 14. axb4 d6 15. Ng3 Nf4 16. Bd3 Ne8 17. 0-0 Qg5 18. Kh1 h5 19. Rfc1 h4 20. Nf1 Bd7 21. Rc2 Ra3 22. Ra2 Rxa2 23. Nxa2 Nf6 24. Nc3 Ra8 25. Rb2 Ra3 26. Ra2 Rb3 27. b5 Qxg2+ 0-1

[Event "Szombathely op"]
[Site "Szombathely"]
[Date "2004.07.20"]
[Round "3"]
[White "Gomboc, Miha"]
[Black "Pataki, Gyozo"]
[Result "1-0"]
[WhiteElo "2165"]
[BlackElo "2390"]
[PlyCount "65"]
[EventDate "2004.07.19"]
[EventType "swiss"]
[EventRounds "9"]
[EventCountry "HUN"]
[SourceTitle "EXT 2008"]
[Source "ChessBase"]
[SourceDate "2007.11.25"]
[SourceVersion "1"]
[SourceVersionDate "2007.11.25"]
[SourceQuality "1"]

1. d4 d5 2. c4 e6 3. Nc3 Nf6 4. Bg5 Nbd7 5. e3 c6 6. cxd5 exd5 7. Qc2 Be7 8. Bd3 0-0 9. Nge2 Re8 10. h3 Nf8 11. g4 Be6 12. Ng3 N6d7 13. Bxe7 Qxe7 14. 0-0-0 Rac8 15. Kb1 Nb6 16. Nf5 Bxf5 17. gxf5 f6 18. Rhg1 Rc7 19. Rg4 Qd8 20. Rdg1 Nc8 21. Ne2 Ree7 22. Nf4 Nd6 23. Qd1 Kh8 24. Rh4 Qe8 25. Qg4 Ne4 26. Qg2 Nd6 27. Rh6 Rf7 28. Rh5 Rfe7 29. Qg3 Ne4 30. Bxe4 dxe4 31. Qh4 Rcd7 32. Ng6+ Kg8 33. Nxf8 1-0

[Event "SLO-ch U20"]
[Site "Ptuj"]
[Date "2002.05.01"]
[Round "7"]
[White "Gomboc, Miha"]
[Black "Bratovic, Blaz"]
[Result "0-1"]
[WhiteElo "2141"]
[BlackElo "2252"]
[PlyCount "57"]
[EventDate "2002.04.??"]
[EventType "swiss"]
[EventRounds "9"]
[EventCountry "SLO"]
[SourceTitle "EXT 2005"]
[Source "ChessBase"]
[SourceDate "2004.11.15"]
[SourceVersion "1"]
[SourceVersionDate "2004.11.15"]
[SourceQuality "1"]

1. e4 c5 2. Nc3 Nc6 3. Nf3 e6 4. d4 cxd4 5. Nxd4 d6 6. Be3 Nf6 7. Qd2 Be7 8. f3 a6 9. 0-0-0 Qc7 10. g4 0-0 11. g5 Nd7 12. h4 Nxd4 13. Bxd4 b5 14. a3 Bb7 15. h5 Ne5 16. Be2 Bc6 17. g6 fxg6 18. hxg6 h6 19. Rh5 Rab8 20. Rg1 a5 21. f4 Nc4 22. Bg4 Rf6 23. Qh2 e5 24. fxe5 dxe5 25. Be2 Bd6 26. Bxc4+ bxc4 27. Bxe5 Bxe5 28. Qxe5 Qb6 29. Ne2 0-1

[Event "SLO-ch U20"]
[Site "Ptuj"]
[Date "2002.04.29"]
[Round "3"]
[White "Gomboc, Miha"]
[Black "Strucl, Crtomir"]
[Result "0-1"]
[WhiteElo "2141"]
[BlackElo "2022"]
[PlyCount "102"]
[EventDate "2002.04.??"]
[EventType "swiss"]
[EventRounds "9"]
[EventCountry "SLO"]
[SourceTitle "EXT 2005"]
[Source "ChessBase"]
[SourceDate "2004.11.15"]
[SourceVersion "1"]
[SourceVersionDate "2004.11.15"]
[SourceQuality "1"]

1. e4 Nf6 2. e5 Nd5 3. d4 d6 4. Nf3 g6 5. Bc4 Nb6 6. Bb3 Bg7 7. exd6 cxd6 8. a4 a5 9. 0-0 0-0 10. Nc3 Nc6 11. Nb5 Bg4 12. Be3 d5 13. h3 Bxf3 14. Qxf3 f5 15. Rad1 f4 16. Bxf4 g5 17. Bc7 Rxf3 18. Bxd8 Rxb3 19. Bxb6 Rxb2 20. c3 Rf8 21. f3 Rf6 22. Bc5 Re6 23. Rf2 Ree2 24. Rxe2 Rxe2 25. Nc7 e6 26. Rb1 e5 27. Ne6 exd4 28. Nxg7 dxc3 29. Nf5 Rd2 30. Be3 c2 31. Rf1 Rd3 32. Kf2 d4 33. Bc1 Rb3 34. Ke2 Ne5 35. Nxd4 Rb4 36. Nxc2 Rxa4 37. Bxg5 b5 38. f4 Re4+ 39. Kd2 Nc6 40. Re1 Rc4 41. Kd3 Kf7 42. g4 Rc5 43. Re2 b4 44. f5 b3 45. Na3 Nb4+ 46. Kd4 Rc7 47. f6 h6 48. Bh4 Nc2+ 49. Kd5 Nxa3 50. Kd6 Nb5+ 51. Kd5 Nc3+ 0-1

[Event "SLO-chTB U18"]
[Site "Areh"]
[Date "2001.??.??"]
[Round "?"]
[White "Gomboc, Miha"]
[Black "Ziberna, Klemen"]
[Result "1-0"]
[WhiteElo "2176"]
[BlackElo "2086"]
[PlyCount "81"]
[EventDate "2001.10.??"]
[EventType "team"]
[EventRounds "7"]
[EventCountry "SLO"]
[SourceTitle "CBM 085 Extra"]
[Source "ChessBase"]
[SourceDate "2002.01.21"]
[SourceVersion "1"]
[SourceVersionDate "2002.01.21"]
[SourceQuality "1"]

1. e4 c5 2. Nf3 Nc6 3. d4 cxd4 4. Nxd4 Qc7 5. Nc3 e6 6. Be3 a6 7. Be2 Nf6 8. 0-0 Bb4 9. Na4 Be7 10. Nxc6 bxc6 11. Nb6 Rb8 12. Nxc8 Qxc8 13. e5 Nd5 14. Bd4 c5 15. c4 Nf4 16. Bc3 Nxe2+ 17. Qxe2 0-0 18. Rad1 Qc7 19. Rd3 d6 20. Qd2 d5 21. cxd5 exd5 22. Rxd5 Rbd8 23. Rxd8 Rxd8 24. Qe2 Qc6 25. f4 c4 26. f5 Rd3 27. e6 fxe6 28. fxe6 Qc5+ 29. Kh1 Qe3 30. Qg4 Rxc3 31. bxc3 Qd3 32. Qf5 Qxf5 33. Rxf5 Bf6 34. g4 h6 35. Rf4 Kf8 36. Rxc4 Ke7 37. Rc6 a5 38. Kg2 Be5 39. h3 a4 40. Kf3 Bd6 41. c4 1-0

[Event "SLO-chTB U18"]
[Site "Areh"]
[Date "2001.??.??"]
[Round "?"]
[White "Rozic, Vesna"]
[Black "Gomboc, Miha"]
[Result "1/2-1/2"]
[WhiteElo "2077"]
[BlackElo "2176"]
[PlyCount "40"]
[EventDate "2001.10.??"]
[EventType "team"]
[EventRounds "7"]
[EventCountry "SLO"]
[SourceTitle "CBM 085 Extra"]
[Source "ChessBase"]
[SourceDate "2002.01.21"]
[SourceVersion "1"]
[SourceVersionDate "2002.01.21"]
[SourceQuality "1"]

1. d4 Nf6 2. Nf3 g6 3. Bg5 Bg7 4. Nbd2 d5 5. e3 0-0 6. Bd3 c5 7. c3 Qb6 8. Rb1 Bf5 9. Qc2 e6 10. dxc5 Qxc5 11. Bxf6 Bxf6 12. e4 dxe4 13. Nxe4 Bxe4 14. Bxe4 Nc6 15. 0-0 Bg7 16. Rfd1 Rfd8 17. Rd2 f5 18. Bxc6 bxc6 19. Re1 e5 20. Rdd1 Kh8 1/2-1/2

[Event "SLO-chTA U18"]
[Site "Novo Mesto"]
[Date "2000.09.17"]
[Round "7.1"]
[White "Gomboc, Miha"]
[Black "Kukovec, Borut"]
[Result "1/2-1/2"]
[WhiteElo "2146"]
[BlackElo "2097"]
[PlyCount "27"]
[EventDate "2000.09.08"]
[EventType "team"]
[EventRounds "7"]
[EventCountry "SLO"]
[SourceTitle "EXT 2002"]
[Source "ChessBase"]
[SourceDate "2001.11.25"]
[SourceVersion "1"]
[SourceVersionDate "2001.11.25"]
[SourceQuality "1"]

1. e4 c5 2. Nc3 Nc6 3. f4 g6 4. Nf3 Bg7 5. Bc4 e6 6. f5 Nge7 7. fxe6 dxe6 8. a3 a6 9. d3 b5 10. Ba2 Nd4 11. 0-0 0-0 12. Nxd4 Qxd4+ 13. Kh1 Nc6 14. Rf3 1/2-1/2

[Event "SLO-chTA U18"]
[Site "Novo Mesto"]
[Date "2000.09.15"]
[Round "5.1"]
[White "Gomboc, Miha"]
[Black "Zvan, Ziga"]
[Result "1-0"]
[WhiteElo "2146"]
[BlackElo "2175"]
[PlyCount "67"]
[EventDate "2000.09.08"]
[EventType "team"]
[EventRounds "7"]
[EventCountry "SLO"]
[SourceTitle "EXT 2002"]
[Source "ChessBase"]
[SourceDate "2001.11.25"]
[SourceVersion "1"]
[SourceVersionDate "2001.11.25"]
[SourceQuality "1"]

1. e4 e5 2. Nf3 Nc6 3. Nc3 Nf6 4. g3 Bc5 5. Bg2 d6 6. d3 Be6 7. Na4 Qd7 8. Nxc5 dxc5 9. b3 Bh3 10. Bxh3 Qxh3 11. Bb2 Qe6 12. Qe2 Qd6 13. Nxe5 Nd4 14. Nc4 Qe6 15. Bxd4 cxd4 16. 0-0 0-0-0 17. f4 h5 18. f5 Qe7 19. h3 g6 20. Qf2 Rhg8 21. a4 Kb8 22. Kh2 Nd7 23. Qxd4 gxf5 24. Rxf5 Nb6 25. Qf6 Qb4 26. Nxb6 axb6 27. a5 Qd2+ 28. Rf2 Qe3 29. Qf4 Qd4 30. Ra4 Qc5 31. Rc4 Qe7 32. axb6 Rd6 33. Rxc7 Qd8 34. c4 1-0

[Event "SLO-chTA U18"]
[Site "Novo Mesto"]
[Date "2000.09.10"]
[Round "4.1"]
[White "Borisek, Jure"]
[Black "Gomboc, Miha"]
[Result "0-1"]
[WhiteElo "2089"]
[BlackElo "2146"]
[PlyCount "76"]
[EventDate "2000.09.08"]
[EventType "team"]
[EventRounds "7"]
[EventCountry "SLO"]
[SourceTitle "EXT 2002"]
[Source "ChessBase"]
[SourceDate "2001.11.25"]
[SourceVersion "1"]
[SourceVersionDate "2001.11.25"]
[SourceQuality "1"]

1. e4 c5 2. Nf3 d6 3. d4 cxd4 4. Nxd4 Nf6 5. Nc3 Nc6 6. Bc4 Qb6 7. Nxc6 bxc6 8. 0-0 e6 9. Kh1 Be7 10. f4 d5 11. Bd3 dxe4 12. Nxe4 0-0 13. Qe2 g6 14. Ng5 c5 15. b3 Nd5 16. Bb2 Bf6 17. Be5 Bg7 18. Ne4 f6 19. Bd6 f5 20. Bxc5 fxe4 21. Bxb6 exd3 22. Qxd3 axb6 23. Rae1 Bc3 24. Rd1 Ba6 25. Qe4 Rae8 26. Rf2 Bb7 27. Qf3 Rxf4 28. Qxf4 Nxf4 29. Rxf4 Bd5 30. Rd3 Be5 31. Rf1 b5 32. h3 b4 33. Re3 Bb2 34. Re2 Ra8 35. Ref2 Rxa2 36. Rf8+ Kg7 37. Rc8 Bc3 38. Rc7+ Kh6 0-1

[Event "SLO-chTA U18"]
[Site "Novo Mesto"]
[Date "2000.09.10"]
[Round "4.3"]
[White "Borisek, Jure"]
[Black "Gomboc, Miha"]
[Result "1/2-1/2"]
[WhiteElo "2089"]
[BlackElo "2146"]
[PlyCount "57"]
[EventDate "2000.09.08"]
[EventType "team"]
[EventRounds "7"]
[EventCountry "SLO"]
[SourceTitle "EXT 2002"]
[Source "ChessBase"]
[SourceDate "2001.11.25"]
[SourceVersion "1"]
[SourceVersionDate "2001.11.25"]
[SourceQuality "1"]

1. e4 e5 2. Nf3 Nc6 3. Bc4 Nf6 4. d3 Bc5 5. 0-0 0-0 6. Re1 d6 7. c3 a6 8. Bb3 Ba7 9. Nbd2 Ne7 10. d4 Ng6 11. Nf1 Be6 12. Bc2 Qe7 13. Ng3 h6 14. h3 Nh7 15. Nf5 Qf6 16. Be3 Rfe8 17. g4 Ng5 18. Kh2 Nf8 19. Nxg5 hxg5 20. Qd2 Nh7 21. Rad1 Rad8 22. d5 Bxe3 23. fxe3 Bd7 24. Rf1 Qg6 25. Rf2 Nf6 26. Rdf1 Bxf5 27. Rxf5 Qh6 28. Kg2 Rc8 29. c4 1/2-1/2

[Event "Ljubljana op 11th"]
[Site "Ljubljana"]
[Date "2000.06.21"]
[Round "5"]
[White "Basagic, Zlatko"]
[Black "Gomboc, Miha"]
[Result "1-0"]
[WhiteElo "2338"]
[BlackElo "2162"]
[PlyCount "61"]
[EventDate "2000.06.17"]
[EventType "swiss"]
[EventRounds "9"]
[EventCountry "SLO"]
[SourceTitle "CBM 076 Extra"]
[Source "ChessBase"]
[SourceDate "2000.07.11"]
[SourceVersion "1"]
[SourceVersionDate "2000.07.11"]
[SourceQuality "1"]

1. c4 Nf6 2. Nc3 g6 3. g3 Bg7 4. Bg2 0-0 5. e4 d6 6. Nge2 Nbd7 7. 0-0 c6 8. d3 a6 9. a4 a5 10. h3 e5 11. f4 Nc5 12. Be3 Nfd7 13. f5 b6 14. Rb1 Bb7 15. b3 Nf6 16. g4 h6 17. g5 hxg5 18. Bxg5 Qd7 19. h4 gxf5 20. Rxf5 Nh7 21. Ng3 Ne6 22. Bh3 Nexg5 23. hxg5 Qe7 24. Rb2 Nxg5 25. Rh2 Bc8 26. Qh5 f6 27. Rxg5 fxg5 28. Bxc8 Rfxc8 29. Qh7+ Kf8 30. Rf2+ Bf6 31. Qg6 1-0

[Event "Ljubljana op 11th"]
[Site "Ljubljana"]
[Date "2000.06.20"]
[Round "4"]
[White "Gomboc, Miha"]
[Black "Sitnik, Igor"]
[Result "1-0"]
[WhiteElo "2162"]
[BlackElo "2371"]
[PlyCount "97"]
[EventDate "2000.06.17"]
[EventType "swiss"]
[EventRounds "9"]
[EventCountry "SLO"]
[SourceTitle "CBM 076 Extra"]
[Source "ChessBase"]
[SourceDate "2000.07.11"]
[SourceVersion "1"]
[SourceVersionDate "2000.07.11"]
[SourceQuality "1"]

1. e4 c6 2. d4 d5 3. Nc3 dxe4 4. Nxe4 Bf5 5. Ng3 Bg6 6. h4 h6 7. Nf3 Nf6 8. Ne5 Bh7 9. Bc4 e6 10. Qe2 Nd5 11. Bb3 Nd7 12. Bd2 a5 13. 0-0-0 N7f6 14. Rhe1 Be7 15. Nh5 0-0 16. g3 a4 17. Bc4 a3 18. b3 Rc8 19. Nxf6+ Bxf6 20. f4 c5 21. dxc5 Rxc5 22. Kb1 b5 23. Bd3 Qc7 24. Bxh7+ Kxh7 25. g4 Rc8 26. g5 Bxe5 27. fxe5 Rxc2 28. Qd3+ Kg8 29. Rc1 Rb2+ 30. Ka1 Qc2 31. Rxc2 Rcxc2 32. Bc1 Rxa2+ 33. Kb1 Rg2 34. Re4 Raf2 35. Bxa3 Rd2 36. Qf3 b4 37. Rxb4 Nxb4 38. Qa8+ Kh7 39. Qe4+ g6 40. Qxb4 Rd1+ 41. Bc1 hxg5 42. hxg5 Rxg5 43. Kc2 Rgg1 44. Bd2 Rdf1 45. Qe4 Rf5 46. b4 g5 47. b5 g4 48. b6 g3 49. b7 1-0

[Event "Bled op 21st"]
[Site "Bled"]
[Date "2000.04.01"]
[Round "8"]
[White "Gomboc, Miha"]
[Black "Wiley, Tom E"]
[Result "1/2-1/2"]
[WhiteElo "2162"]
[BlackElo "2294"]
[PlyCount "126"]
[EventDate "2000.03.25"]
[EventType "swiss"]
[EventRounds "9"]
[EventCountry "SLO"]
[SourceTitle "CBM 075 Extra"]
[Source "ChessBase"]
[SourceDate "2000.05.11"]
[SourceVersion "2"]
[SourceVersionDate "2000.05.11"]
[SourceQuality "1"]

1. e4 e6 2. d4 d5 3. Nd2 Nf6 4. e5 Nfd7 5. Bd3 c5 6. c3 Nc6 7. Ne2 cxd4 8. cxd4 f6 9. exf6 Qxf6 10. Nf3 Bd6 11. Bg5 Qf7 12. 0-0 e5 13. dxe5 Ndxe5 14. Nxe5 Bxe5 15. Qd2 0-0 16. Rad1 Bc7 17. Be3 a6 18. Bc2 Be6 19. Nd4 Qh5 20. f4 Bg4 21. Rc1 Ba5 22. Qf2 Nxd4 23. Bxd4 Bf5 24. a3 Bxc2 25. Rxc2 Rae8 26. b4 Bd8 27. Rd2 Bc7 28. g3 Re4 29. Bc5 Rfe8 30. Qf3 Qxf3 31. Rxf3 Re1+ 32. Kg2 R1e2+ 33. Rf2 Rxd2 34. Rxd2 Rd8 35. Kf3 Kf7 36. Ke3 Rd7 37. Rb2 Bd8 38. b5 axb5 39. Rxb5 h5 40. Kd3 Ke6 41. Bd4 g6 42. Be5 g5 43. Kd4 h4 44. a4 hxg3 45. hxg3 gxf4 46. gxf4 Be7 47. Rb6+ Kf5 48. Rb5 Ke6 49. Rb6+ Kf5 50. Rh6 Rd8 51. Rh7 Rd7 52. Rg7 Ke6 53. Rg2 Rd8 54. Re2 Ra8 55. a5 Kf7 56. Rb2 Rxa5 57. Rxb7 Ra6 58. f5 Ke8 59. Kxd5 Ra5+ 60. Ke4 Ra4+ 61. Kf3 Ra5 62. Kf4 Ra4+ 63. Ke3 Ra5 1/2-1/2

[Event "Bled op 21st"]
[Site "Bled"]
[Date "2000.03.29"]
[Round "5"]
[White "Gomboc, Miha"]
[Black "Rudolf, Henrik"]
[Result "0-1"]
[WhiteElo "2162"]
[BlackElo "2308"]
[PlyCount "74"]
[EventDate "2000.03.25"]
[EventType "swiss"]
[EventRounds "9"]
[EventCountry "SLO"]
[SourceTitle "CBM 075 Extra"]
[Source "ChessBase"]
[SourceDate "2000.05.11"]
[SourceVersion "2"]
[SourceVersionDate "2000.05.11"]
[SourceQuality "1"]

1. e4 g6 2. d4 Bg7 3. Nc3 d6 4. Nf3 Nf6 5. Be2 0-0 6. 0-0 c6 7. h3 Nbd7 8. e5 Ne8 9. Bg5 dxe5 10. dxe5 Nc7 11. Re1 Ne6 12. Bc4 Nxe5 13. Nxe5 Qxd1 14. Raxd1 Nxg5 15. Nd7 Bxd7 16. Rxd7 b5 17. Bb3 a5 18. h4 a4 19. hxg5 axb3 20. axb3 e6 21. Red1 h6 22. gxh6 Bxh6 23. g3 Bg7 24. Kf1 Bf6 25. Ke2 Kg7 26. Rc7 Rfc8 27. Rdd7 Rxc7 28. Rxc7 Ra6 29. Kd3 Be5 30. Rc8 f5 31. Rd8 g5 32. Ke3 g4 33. f4 Bf6 34. Rd6 Bxc3 35. bxc3 Kf6 36. Kd3 Ke7 37. Rd4 c5 0-1

[Event "Bled op 21st"]
[Site "Bled"]
[Date "2000.03.26"]
[Round "2"]
[White "Gomboc, Miha"]
[Black "Lyell, Mark"]
[Result "1/2-1/2"]
[WhiteElo "2162"]
[BlackElo "2222"]
[PlyCount "123"]
[EventDate "2000.03.25"]
[EventType "swiss"]
[EventRounds "9"]
[EventCountry "SLO"]
[SourceTitle "CBM 075 Extra"]
[Source "ChessBase"]
[SourceDate "2000.05.11"]
[SourceVersion "2"]
[SourceVersionDate "2000.05.11"]
[SourceQuality "1"]

1. e4 e5 2. Nf3 Nc6 3. Nc3 f5 4. Bb5 fxe4 5. Nxe4 Nf6 6. Qe2 d5 7. Nxf6+ gxf6 8. 0-0 Rg8 9. d4 e4 10. Nh4 Bg4 11. f3 f5 12. fxg4 Qxh4 13. Rxf5 0-0-0 14. Bxc6 bxc6 15. h3 Bd6 16. Bf4 Bxf4 17. Rxf4 h5 18. Qa6+ Kb8 19. a4 Rd6 20. a5 Ka8 21. Raf1 Qd8 22. gxh5 c5 23. Qb5 cxd4 24. Qc5 e3 25. Qxd4 e2 26. Re1 Re8 27. Rf2 Rde6 28. c4 c6 29. cxd5 cxd5 30. Qd2 d4 31. Rfxe2 Rxe2 32. Rxe2 Rxe2 33. Qxe2 d3 34. Qf3+ Kb8 35. a6 Qb6+ 36. Kf1 Qxa6 37. Ke1 Qa5+ 38. Kd1 Qd8 39. Kd2 Qd4 40. Qxd3 Qxb2+ 41. Qc2 Qd4+ 42. Kc1 Qe3+ 43. Kb1 Qe1+ 44. Qc1 Qe4+ 45. Ka1 Qa4+ 46. Kb1 Qe4+ 47. Qc2 Qe1+ 48. Kb2 Qe5+ 49. Qc3 Qe2+ 50. Kb3 Qxh5 51. g4 Qd5+ 52. Kc2 Qg2+ 53. Kb3 a6 54. Qe3 Kb7 55. Kc4 Qf1+ 56. Kd5 a5 57. Ke5 a4 58. g5 Qg2 59. Kf6 Qb2+ 60. Kf7 a3 61. g6 a2 62. Qf3+ 1/2-1/2